000 00258nam a22001217a 4500
040 _cSY
082 _a631
100 _aBUNTONG BORARIN
245 _aTotal quality control of agricultural product
260 _aRUA
_bBUN
_c2011
300 _a421p.
942 _cEK
999 _c9903
_d9903